Statistics for Geographic Groups of 2

Click here to take the quiz!

General Stats

  • This quiz has been taken 98 times
    (35 since last reset)
  • The average score is 30 of 40

Answer Stats

ClueAnswer% Correct
World longest river systemsAmazon
94%
Nile
94%
Countries bordering MongoliaChina
90%
Russia
90%
German cities that hosted Summer OlympicsBerlin
87%
Munich
87%
European countries that start with PPoland
87%
Portugal
87%
Rocky Mountains
87%
U.S. states that start with TTennessee
87%
Seas on which Ukraine has a coastBlack Sea
84%
African countries in Atlantic OceanCape Verde
84%
Texas
84%
Victoria
84%
Greenland
81%
Double-landlocked countriesLiechtenstein
81%
Reykjavik
81%
São Tomé and Príncipe
81%
Vatican City
77%
Longest mountain ranges in U.S.Appalachian Mountains
74%
Countries that share Tierra del FuegoArgentina
74%
Chile
74%
French
74%
Countries with square flags (hint: both are in Europe)Switzerland
74%
Official languages of CameroonEnglish
71%
World capitals north of the 60th parallelHelsinki
71%
National capitals of Oceania that start with "Port"Port Moresby
71%
Portuguese archipelagosAzores
68%
Megacities in PakistanKarachi
68%
Autonomous territories of DenmarkFaroe islands
65%
Java
65%
Lahore
65%
Uzbekistan
65%
Islands with more than 100 million peopleHonshu
61%
Port Vila
61%
Largest lakes in AfricaTanganyika
61%
Vientiane
61%
Capitals located on the Mekong riverPhnom Penh
58%
Madeira
48%
Sea of Azov
45%

Score Distribution

Percentile by Number Answered

Percent of People with Each Score

Your Score History

You have not taken this quiz since the last reset